000 00325 a2200109 4500
020 _a0124151469
082 _a550.1511313 DEM
100 _aDemicco, Robert V.
245 _aFuzzy Logic in Geoelogy
_cRobert V. Demicco, George J. Klir
260 _aAmsterdam :
_bElsevier Academic Press,
_c2004
300 _axvii, 347p. ;
_bill . ;
_c24 cm
650 _aGeology
999 _c633
_d633